Most Streamed The Notorious B.I.G. Songs - Statistics

General Stats
  • This quiz has been taken 71 times
  • The average score is 7 of 20
Answer Stats
# Streams Answer % Correct
3 821,523,269 Juicy
92%
1 1,332,939,502 Hypnotize
90%
2 1,217,301,760 Big Poppa
83%
8 218,495,611 Who Shot Ya?
58%
4 549,873,245 Mo Money Mo Problems
56%
12 161,021,158 Gimme the Loot
35%
6 282,843,995 Notorious Thugs
33%
11 183,244,769 Suicidal Thoughts
33%
17 110,204,372 Warning
31%
20 102,251,662 Dead Wrong
27%
13 145,709,905 One More Chance / Stay with Me - Remix
27%
9 213,707,525 Party And Bullshit
25%
7 223,520,096 Nasty Girl
23%
15 134,350,735 Ten Crack Commandments
21%
10 212,508,903 Get Money
19%
18 109,602,475 Runnin'
13%
19 107,980,869 Flava in Ya Ear (Remix)
10%
5 392,808,506 Old Thing Back
6%
14 137,160,142 Only You
4%
16 114,924,258 Party on the West Coast
4%
No matching quizzes found
Score Distribution
Percent of People with Each Score
Percentile by Number Answered
Your Score History
You have not taken this quiz